| 000 | 00582nam a2200157Ia 4500 | ||
|---|---|---|---|
| 005 | 20241218003843.0 | ||
| 008 | 240331s9999 xx 000 0 und d | ||
| 020 | _a8186706151 | ||
| 082 |
_bLAK _a891.48 |
||
| 100 | _aLakshmi, C.S | ||
| 245 | 0 |
_aMirrors & Gestures _bSeven Seas & Seven Mountains |
|
| 260 |
_aNew Delhi _bKali for Women _c2003 |
||
| 300 | _aliii, 472 P ., | ||
| 500 | _aMirrors & Gestures Conversations with Women Dancers is the second of C.S. Lakshmi's three volumes of Detailed interviews with notable women musicians, dancers, and painters in India. | ||
| 942 | _cL | ||
| 999 |
_c3376 _d3376 |
||